000 00261nam a22001217a 4500
041 _aENG
100 _aRastogi .A.K
245 _aNumerical Groundwater Hydrolgy
260 _aMumbai
_bPR Penram
_c2012
300 _a981
650 _aIDE
856 _uIDE ( 44 )
999 _c2578
_d2578